000 01918nam a22004577a 4500
003 CHAP
005 20220817041751.0
008 971013s1964 r 00010 d
010 _a23877
011 _a24849
035 _a28949
040 _cCHAP
082 _a331.26
_bC6
110 _aComisión Nacional de los Salarios Mínimos. México
_925798
245 _aMemoria de los trabajos de 1963
260 _aMéxico :
_bLa Comisión,
_c1964
300 _a4 v.
_b: anexos (mapas)
505 _aContenido: v.1-3 Descripciones geográficas económicas de las zonas.- v.4 Estudios económicos
590 _aBATCH-UPD
_b10
_c20130110
_lUCH01
_h1642
590 _aBATCH-UPD
_b10
_c20130410
_lUCH01
_h1033
590 _aBATCH-UPD
_b10
_c20130914
_lUCH01
_h1053
590 _aCONVERSION
_b10
_c20130109
_lUCH01
_h1314
650 1 4 _aCostos y nivel de vida.
_928518
650 1 4 _aMéxico
_xCondiciones económicas.
650 1 4 _aPoblación
_xMéxico.
_989408
650 1 4 _aSalarios mínimos
_xMéxico.
_9101283
901 _aBK
942 _cLIBRO
949 _a331.26 C6
_bBC
_cBPA
_d-142642
_eBPA
_fv.1 c.2
_h2617
_i28949
_si
949 _a331.26 C6
_bBC
_cBPA
_d-142645
_eBPA
_fv.1 c.3
_h2618
_i28949
_si
949 _a331.26 C6
_bBC
_cBPA
_d-142647
_eBPA
_fv.2
_h2619
_i28949
_si
949 _a331.26 C6
_bBC
_cBPA
_d-142652
_eBPA
_fv.2 c.3
_h2621
_i28949
_si
949 _a331.26 C6
_bBC
_cBPA
_d-142653
_eBPA
_fv.3
_h2622
_i28949
_si
949 _a331.26 C6
_bBC
_cBPA
_d-142656
_eBPA
_fv.3 c.2
_h2623
_i28949
_si
949 _a331.26 C6
_bBC
_cBPA
_d-142658
_eBPA
_fv.3 c.3
_h2624
_i28949
_si
949 _a331.26 C6
_bBC
_cBPA
_d-142659
_eBPA
_fv.4
_h2625
_i28949
_si
949 _a331.26 C6
_bBC
_cBPA
_d-142660
_eBPA
_fv.4 c.2
_h2626
_i28949
_si
949 _a331.26 C6
_bBC
_cBPA
_d-142661
_eBPA
_fv.4 c.3
_h2627
_i28949
_si
949 _a331.26 C6
_bBC
_cBPA
_d-66911
_eBPA
_fv.1
_h2616
_i28949
_mD
_si
949 _a331.26 C6
_bBC
_cBPA
_d33724000530598
_eBPA
_fv.2 c.2
_h2620
_i28949
_si
999 _c23877
_d23877